[Event "VI Open Internacional Memorial Pedro Lez"]
[Site "Ateneo Municipal de Vecindario"]
[Date "2013.03.29"]
[Round "6"]
[White "Guerrero Orihuela, Jose Luis"]
[Black "Fernandez Arce, Aketza"]
[Result "1-0"]
[WhiteElo "1555"]
[BlackElo "1437"]
[PlyCount "107"]
[EventDate "2013.03.25"]
[EventRounds "9"]
[EventCountry "ESP"]

1. d4 e6 2. c4 Nf6 3. Nc3 g6 4. e4 d6 5. Nf3 Nc6 6. Be2 Bg7 7. O-O O-O 8. a3
Nd7 9. Rb1 Nb6 10. b4 a6 11. Bb2 Bd7 12. c5 Nc8 13. Re1 b6 14. cxb6 cxb6 15.
Rc1 b5 16. Bf1 Qb6 17. Ne2 N8e7 18. g3 Bc8 19. Bg2 Bb7 20. Qd3 Rfd8 21. Rc2
Rac8 22. Bc1 f5 23. Ng5 Bxd4 24. Nxd4 Qxd4 25. Qxd4 Nxd4 26. Rxc8 Bxc8 27. exf5
Nexf5 28. Bb2 h6 29. Ne4 Kf7 30. Rd1 e5 31. g4 Ne2+ 32. Kf1 Nfd4 33. Rd2 Bxg4
34. f3 d5 35. fxg4 dxe4 36. Bxe4 Nf4 37. Bxd4 exd4 38. Kf2 g5 39. Kf3 Kf6 40.
Bb7 Rd6 41. Ke4 Ne6 42. Bc8 Nc7 43. Rxd4 Rc6 44. Bf5 Ne6 45. Rd7 a5 46. Kd5 Ra6
47. Rh7 Nf4+ 48. Ke4 Ng6 49. Rxh6 Kg7 50. Rxg6+ Rxg6 51. Bxg6 axb4 52. axb4
Kxg6 53. Ke5 Kg7 54. Kf5 1-0

[Event "VI Open Internacional Memorial Pedro Lez"]
[Site "Ateneo Municipal de Vecindario"]
[Date "2013.03.29"]
[Round "6"]
[White "Biscarri Candalia, Oscar"]
[Black "Ramirez Hernandez, Jose Isidro"]
[Result "1-0"]
[WhiteElo "1537"]
[BlackElo "1404"]
[PlyCount "82"]
[EventDate "2013.03.25"]
[EventRounds "9"]
[EventCountry "ESP"]

1. d4 Nf6 2. c4 e6 3. g3 c6 4. Nf3 d5 5. Qc2 Be7 6. Bg2 O-O 7. O-O dxc4 8. Qxc4
Nbd7 9. b3 Nb6 10. Qd3 Nbd5 11. a3 c5 12. Bb2 cxd4 13. Nxd4 Bd7 14. Nd2 Nc7 15.
Bxb7 Rb8 16. Bg2 Bb5 17. Qf3 Qd5 18. Qxd5 Ncxd5 19. Rfe1 Bd7 20. Rac1 Rfc8 21.
b4 Rxc1 22. Rxc1 Bd8 23. e4 Nb6 24. Nc6 Bxc6 25. Rxc6 Rc8 26. Rxc8 Nxc8 27. Nc4
Ne8 28. e5 f6 29. f4 Nb6 30. Nxb6 Bxb6+ 31. Kf1 Kf7 32. Be4 g6 33. a4 a5 34. b5
Nc7 35. Bc6 Nd5 36. Bxd5 exd5 37. Ke2 fxe5 38. Bxe5 Ke6 39. Kd3 Kd7 40. Bd4 Bc7
41. Bc5 Ke6 1-0

[Event "VI Open Internacional Memorial Pedro Lez"]
[Site "Ateneo Municipal de Vecindario"]
[Date "2013.03.29"]
[Round "6"]
[White "Garcia Cruz, Jose Manuel"]
[Black "Diaz Hernandez, Francisco Javi"]
[Result "0-1"]
[WhiteElo "1368"]
[BlackElo "1534"]
[PlyCount "89"]
[EventDate "2013.03.25"]
[EventRounds "9"]
[EventCountry "ESP"]

1. d4 Nf6 2. c4 e5 3. dxe5 Ng4 4. Nf3 Nc6 5. Qd5 Bb4+ 6. Bd2 Bxd2+ 7. Nbxd2 Qe7
8. h3 Ngxe5 9. Nxe5 Qxe5 10. Qxe5+ Nxe5 11. e3 b6 12. Be2 Bb7 13. O-O h5 14. f4
Ng6 15. Bf3 O-O-O 16. Bxb7+ Kxb7 17. Rae1 Rde8 18. f5 Ne5 19. b3 Nd3 20. Re2 f6
21. e4 Re7 22. Re3 Ne5 23. Nf3 Rhe8 24. Nd4 a6 25. Rd1 Nf7 26. Nf3 Nh6 27. Rde1
Nxf5 28. Rd3 d6 29. exf5 Rxe1+ 30. Nxe1 Rxe1+ 31. Kf2 Re5 32. g4 hxg4 33. hxg4
Kc6 34. b4 Re4 35. b5+ axb5 36. cxb5+ Kxb5 37. Rb3+ Ka5 38. Kf3 Re5 39. a3 c5
40. a4 c4 41. Rc3 Kb4 42. Rc1 Rc5 43. Ke4 c3 44. Kd3 c2 45. Kd4 0-1

[Event "VI Open Internacional Memorial Pedro Lez"]
[Site "Ateneo Municipal de Vecindario"]
[Date "2013.03.29"]
[Round "6"]
[White "Agejas Garcia, Diego"]
[Black "Sanabria Taskila, Jenny Maria"]
[Result "0-1"]
[WhiteElo "1378"]
[BlackElo "1270"]
[PlyCount "50"]
[EventDate "2013.03.25"]
[EventRounds "9"]
[EventCountry "ESP"]

1. d4 d5 2. e3 c6 3. Bd3 Nf6 4. f4 e6 5. Nf3 Nbd7 6. Nbd2 Bd6 7. b3 O-O 8. Bb2
a6 9. O-O c5 10. Ne5 b5 11. c4 bxc4 12. bxc4 Qb6 13. Rb1 Qc7 14. Qc2 Bb7 15. g4
Bxe5 16. fxe5 Nxg4 17. Bxh7+ Kh8 18. Rf3 Qc6 19. Rh3 Nh6 20. Bd3 dxc4 21. Be4
Qc7 22. Bxb7 Qxb7 23. Ba3 Qc6 24. dxc5 Rab8 25. Rxb8 Rxb8 0-1

[Event "VI Open Internacional Memorial Pedro Lez"]
[Site "Ateneo Municipal de Vecindario"]
[Date "2013.03.29"]
[Round "7"]
[White "Bergez, Luc"]
[Black "Larino Nieto, David"]
[Result "1/2-1/2"]
[WhiteElo "2375"]
[BlackElo "2508"]
[PlyCount "52"]
[EventDate "2013.03.25"]
[EventRounds "9"]
[EventCountry "ESP"]

1. e4 e5 2. Nf3 Nc6 3. Bc4 Bc5 4. c3 d6 5. d4 exd4 6. cxd4 Bb6 7. h3 Qf6 8. Be3
Qg6 9. Nc3 Nge7 10. g4 Ba5 11. Ng5 d5 12. exd5 Nb4 13. O-O O-O 14. f4 b5 15. f5
Bxf5 16. d6 cxd6 17. Bxf7+ Rxf7 18. Nxf7 Nc2 19. Bg5 Bd3 20. Bxe7 Bxf1 21. Qf3
Bg2 22. Kxg2 Re8 23. Rf1 Qe6 24. Nd5 Qxd5 25. Nh6+ Kh8 26. Nf7+ Kg8 1/2-1/2

[Event "VI Open Internacional Memorial Pedro Lez"]
[Site "Ateneo Municipal de Vecindario"]
[Date "2013.03.29"]
[Round "7"]
[White "De La Cruz Sanchez, Carlos G"]
[Black "Capote Robayna, Nathaniel"]
[Result "1-0"]
[WhiteElo "2242"]
[BlackElo "2073"]
[PlyCount "61"]
[EventDate "2013.03.25"]
[EventRounds "9"]
[EventCountry "ESP"]

1. Nf3 c5 2. e4 e6 3. Nc3 Nc6 4. Bb5 Nd4 5. O-O Nxb5 6. Nxb5 a6 7. Nc3 d6 8. d4
cxd4 9. Qxd4 Nf6 10. Rd1 Be7 11. Bg5 b5 12. Bxf6 Bxf6 13. e5 Be7 14. exd6 Bf6
15. Qe4 Bd7 16. Nd5 O-O 17. Nxf6+ Qxf6 18. Ne5 Ra7 19. Rd3 Bc8 20. Qd4 Ra8 21.
Rf3 Qg5 22. h4 Qh5 23. d7 Bb7 24. Rxf7 Rxf7 25. Nxf7 Kxf7 26. d8=Q Rxd8 27.
Qxd8 Bd5 28. a4 Qe5 29. axb5 Qxb2 30. Qd7+ Kg8 31. Rxa6 1-0

[Event "VI Open Internacional Memorial Pedro Lez"]
[Site "Ateneo Municipal de Vecindario"]
[Date "2013.03.29"]
[Round "7"]
[White "Barlov, Dragan"]
[Black "Espinoza Palomino, Willyam"]
[Result "1/2-1/2"]
[WhiteElo "2454"]
[BlackElo "2284"]
[PlyCount "60"]
[EventDate "2013.03.25"]
[EventRounds "9"]
[EventCountry "ESP"]

1. Nf3 Nf6 2. c4 e6 3. g3 b6 4. Bg2 Bb7 5. O-O Be7 6. d4 O-O 7. Nc3 Ne4 8. Bd2
f5 9. Rc1 Bf6 10. d5 Na6 11. Be1 Nac5 12. Nd4 Qe7 13. Nb3 a5 14. Nxc5 Nxc5 15.
Bd2 Bxc3 16. Rxc3 e5 17. Be3 d6 18. Bxc5 bxc5 19. Ra3 Rfb8 20. Qd2 a4 21. b3
axb3 22. Rxb3 Bc8 23. Rfb1 Rxb3 24. axb3 Rb8 25. h4 e4 26. e3 Bd7 27. b4 cxb4
28. Rxb4 Qf8 29. Qb2 Rxb4 30. Qxb4 Qa8 1/2-1/2

[Event "VI Open Internacional Memorial Pedro Lez"]
[Site "Ateneo Municipal de Vecindario"]
[Date "2013.03.29"]
[Round "7"]
[White "Herrera Reyes, Jose Antonio"]
[Black "Brochet, Philippe"]
[Result "0-1"]
[WhiteElo "2252"]
[BlackElo "2396"]
[PlyCount "76"]
[EventDate "2013.03.25"]
[EventRounds "9"]
[EventCountry "ESP"]

1. e4 c5 2. Nf3 Nc6 3. c3 d5 4. exd5 Qxd5 5. d4 Bf5 6. Be2 cxd4 7. cxd4 Bxb1 8.
Rxb1 e6 9. O-O Nf6 10. Be3 Bd6 11. b4 O-O 12. b5 Ne7 13. Nd2 Nf5 14. Bf3 Nxe3
15. fxe3 Qg5 16. Rb3 Rad8 17. Qe2 e5 18. Bxb7 exd4 19. exd4 Rfe8 20. Qd3 Bc5
21. Nf3 Qf4 22. Bc6 Re7 23. Rd1 Ng4 24. g3 Rxd4 25. Kg2 Qh6 26. Qc2 Rxd1 27.
Qxd1 Ne3+ 28. Rxe3 Rxe3 29. Bd5 Qf6 30. a4 h6 31. a5 Qb2+ 32. Kh3 Qxb5 33. Qd2
Rd3 34. Bxf7+ Kf8 35. Qe2 a6 36. Bg6 Re3 37. Qd2 Qf1+ 38. Kh4 Be7+ 0-1

[Event "VI Open Internacional Memorial Pedro Lez"]
[Site "Ateneo Municipal de Vecindario"]
[Date "2013.03.29"]
[Round "7"]
[White "Alvarado Diaz, Alejandro"]
[Black "Martinez Ramirez, Erik"]
[Result "1-0"]
[WhiteElo "2251"]
[BlackElo "2302"]
[PlyCount "177"]
[EventDate "2013.03.25"]
[EventRounds "9"]
[EventCountry "ESP"]

1. b3 Nf6 2. Bb2 e6 3. g3 Be7 4. Bg2 d5 5. Nf3 O-O 6. O-O c5 7. c4 Nc6 8. cxd5
Nxd5 9. Qc1 b6 10. Nc3 Nxc3 11. Bxc3 Bb7 12. Qb2 Bf6 13. Bxf6 Qxf6 14. Qxf6
gxf6 15. d3 Ne7 16. a3 Rac8 17. Rfc1 Nf5 18. Nd2 Bxg2 19. Kxg2 Rc6 20. Kf1 Rfc8
21. Ne4 Nd4 22. Rab1 Kg7 23. e3 Nb5 24. Nc3 Nd6 25. Rc2 f5 26. Rbc1 Kf6 27. Ke2
Ke7 28. Na4 Kd7 29. Nc3 f6 30. Nb1 e5 31. Nd2 R8c7 32. Nc4 Nxc4 33. Rxc4 Ke6
34. b4 Kd7 35. b5 Re6 36. Rh4 Kd8 37. Rh5 f4 38. gxf4 exf4 39. e4 Re5 40. Rh4
f5 41. Rxf4 fxe4 42. dxe4 c4 43. a4 c3 44. Rg4 Kc8 45. Kd3 Rec5 46. e5 Rxe5 47.
Rxc3 Rxc3+ 48. Kxc3 Rh5 49. h4 Rf5 50. Rg8+ Kc7 51. Rg7+ Kd6 52. Rxa7 Rf3+ 53.
Kd4 Rf4+ 54. Ke3 Rxh4 55. f4 Rh1 56. Ke4 h5 57. Rh7 h4 58. Kf3 h3 59. Kg3 Rg1+
60. Kf3 Rf1+ 61. Kg3 Rg1+ 62. Kf2 Rh1 63. Rh6+ Kc5 64. Rc6+ Kb4 65. Rxb6 Kxa4
66. Rb8 Ka5 67. Kg3 Rf1 68. Rh8 Kxb5 69. Rxh3 Kc6 70. Kg4 Kd7 71. Re3 Rg1+ 72.
Kf5 Rg8 73. Re4 Kd6 74. Kf6 Kd5 75. Re5+ Kd4 76. Re6 Rf8+ 77. Kg5 Rg8+ 78. Rg6
Re8 79. Rg7 Ke4 80. f5 Ke5 81. Kg6 Ra8 82. Re7+ Kf4 83. f6 Ra6 84. Kg7 Kf5 85.
Rb7 Ra1 86. Rb5+ Ke6 87. Rb6+ Kf5 88. f7 Rg1+ 89. Kh7 1-0

[Event "VI Open Internacional Memorial Pedro Lez"]
[Site "Ateneo Municipal de Vecindario"]
[Date "2013.03.29"]
[Round "7"]
[White "Vega Gutierrez, Belinda"]
[Black "Bressac, Stephane"]
[Result "1/2-1/2"]
[WhiteElo "2190"]
[BlackElo "2284"]
[PlyCount "68"]
[EventDate "2013.03.25"]
[EventRounds "9"]
[EventCountry "ESP"]

1. e4 c5 2. Nf3 Nc6 3. d4 cxd4 4. Nxd4 g6 5. Nc3 Bg7 6. Nb3 Nf6 7. Bc4 O-O 8.
O-O d6 9. Re1 a6 10. Bf1 b5 11. Nd5 Bb7 12. c3 Nd7 13. Bg5 f6 14. Bh4 e6 15.
Nb4 g5 16. Nxc6 Bxc6 17. Qxd6 Ne5 18. Qxd8 Raxd8 19. Bg3 Nd3 20. Bxd3 Rxd3 21.
Nd4 Bd7 22. Rad1 Rxd1 23. Rxd1 Rc8 24. f3 Bf8 25. Be1 e5 26. Nf5 Be6 27. a3 a5
28. Kf2 b4 29. axb4 axb4 30. cxb4 Rb8 31. Ne3 Bxb4 32. Bxb4 Rxb4 33. Rd2 Kf7
34. h3 h5 1/2-1/2

[Event "VI Open Internacional Memorial Pedro Lez"]
[Site "Ateneo Municipal de Vecindario"]
[Date "2013.03.29"]
[Round "7"]
[White "Kurajica, Bojan"]
[Black "Cruz Pino, Adrian"]
[Result "1-0"]
[WhiteElo "2539"]
[BlackElo "1986"]
[PlyCount "47"]
[EventDate "2013.03.25"]
[EventRounds "9"]
[EventCountry "ESP"]

1. Nf3 Nf6 2. d4 d5 3. c4 c6 4. Qb3 e6 5. Bg5 Nbd7 6. Nc3 Be7 7. e3 O-O 8. Rc1
a6 9. Bd3 h6 10. Bh4 b5 11. cxd5 cxd5 12. O-O Bb7 13. a4 b4 14. Na2 Qb6 15. Ne5
Bd6 16. f4 Rac8 17. Qd1 Rxc1 18. Nxc1 Bb8 19. Nb3 a5 20. Bb5 Nxe5 21. fxe5 Ne4
22. Be7 Rc8 23. Qh5 Rc7 24. Qxf7+ 1-0

[Event "VI Open Internacional Memorial Pedro Lez"]
[Site "Ateneo Municipal de Vecindario"]
[Date "2013.03.29"]
[Round "7"]
[White "Vega Gutierrez, Sabrina"]
[Black "Acosta Sosa, Juan Manuel"]
[Result "1-0"]
[WhiteElo "2364"]
[BlackElo "2150"]
[PlyCount "83"]
[EventDate "2013.03.25"]
[EventRounds "9"]
[EventCountry "ESP"]

1. d4 d5 2. c4 c6 3. Nf3 Nf6 4. e3 a6 5. Bd2 Nbd7 6. Qc2 Ne4 7. Bd3 f5 8. cxd5
cxd5 9. Bb4 Qb6 10. Ba3 Qa5+ 11. Nbd2 Ndf6 12. Ne5 Nd7 13. Bxe4 fxe4 14. O-O
Nxe5 15. dxe5 Bd7 16. Nb3 Qb6 17. Nd4 e6 18. Bxf8 Rxf8 19. Rac1 Rc8 20. Qe2 Kf7
21. b3 Kg8 22. Qg4 Rxc1 23. Rxc1 Rc8 24. Rxc8+ Bxc8 25. Qh5 Qd8 26. a4 g6 27.
Qg4 Qc7 28. f4 Qe7 29. h4 Bd7 30. Kh2 Kg7 31. h5 Kh6 32. hxg6 hxg6 33. a5 Kg7
34. Kh3 Qc5 35. Qh4 Qc1 36. Kg4 Qxe3 37. Qe7+ Kh6 38. Qd8 Kh7 39. Qxd7+ Kh6 40.
Qd8 Kh7 41. Qh4+ Kg8 42. Nxe6 1-0

[Event "VI Open Internacional Memorial Pedro Lez"]
[Site "Ateneo Municipal de Vecindario"]
[Date "2013.03.29"]
[Round "7"]
[White "Brito Garcia, Alfredo"]
[Black "Lopez Colon, Francisco"]
[Result "1-0"]
[WhiteElo "2313"]
[BlackElo "2045"]
[PlyCount "77"]
[EventDate "2013.03.25"]
[EventRounds "9"]
[EventCountry "ESP"]

1. d4 Nf6 2. Nf3 d6 3. c4 Nbd7 4. g3 g6 5. Bg2 Bg7 6. O-O O-O 7. Nc3 c6 8. h3
Re8 9. e4 e5 10. Re1 Qc7 11. Be3 exd4 12. Nxd4 Nc5 13. Qc2 Ne6 14. Nde2 Nd7 15.
Rad1 a5 16. b3 Ndc5 17. Qd2 Bf8 18. g4 a4 19. b4 Nd7 20. f4 Ng7 21. Ng3 a3 22.
Qf2 Be7 23. Kh1 Rf8 24. Rg1 Kh8 25. Bf1 d5 26. c5 dxe4 27. Ncxe4 f5 28. gxf5
gxf5 29. Bd4 Bf6 30. Nxf6 Nxf6 31. Be5 Qf7 32. Bc4 Be6 33. Bxe6 Qxe6 34. Rd6
Qe7 35. Qd4 Nge8 36. Rd7 Qe6 37. Nh5 Rf7 38. Rxf7 Qxf7 39. Nxf6 1-0

[Event "VI Open Internacional Memorial Pedro Lez"]
[Site "Ateneo Municipal de Vecindario"]
[Date "2013.03.29"]
[Round "7"]
[White "Meneses Gonzalez, Kevin Moises"]
[Black "De La Hoz Sanchez, Ruben"]
[Result "1-0"]
[WhiteElo "2302"]
[BlackElo "1969"]
[PlyCount "53"]
[EventDate "2013.03.25"]
[EventRounds "9"]
[EventCountry "ESP"]

1. c4 e6 2. Nf3 d5 3. g3 Nf6 4. Bg2 Be7 5. O-O O-O 6. b3 dxc4 7. bxc4 c5 8. Bb2
Nc6 9. d3 Qc7 10. Nc3 a6 11. e3 b6 12. Qe2 Bb7 13. Rac1 Rfd8 14. Rfd1 Rac8 15.
Ba1 Nb8 16. Rb1 Nbd7 17. Rb3 Bc6 18. Rdb1 Ba8 19. Qc2 Ne8 20. Ne1 Bxg2 21. Nxg2
Nd6 22. Qe2 Rb8 23. Nf4 Nf6 24. e4 Nc8 25. Re1 Na7 26. e5 Nd7 27. Ncd5 1-0

[Event "VI Open Internacional Memorial Pedro Lez"]
[Site "Ateneo Municipal de Vecindario"]
[Date "2013.03.29"]
[Round "7"]
[White "Uta, Adeline-Ramona"]
[Black "Rodriguez Ferraz, Borja"]
[Result "0-1"]
[WhiteElo "2053"]
[BlackElo "2196"]
[PlyCount "92"]
[EventDate "2013.03.25"]
[EventRounds "9"]
[EventCountry "ESP"]

1. c4 Nf6 2. Nc3 e6 3. g3 Be7 4. Bg2 O-O 5. e4 d6 6. Nge2 c5 7. O-O Nc6 8. d4
cxd4 9. Nxd4 Bd7 10. b3 a6 11. Nc2 Qc7 12. Qe2 Rfd8 13. Rd1 Be8 14. Ba3 Qa5 15.
b4 Qc7 16. f4 Rac8 17. Rac1 Nd7 18. Ne3 Bf6 19. Kh1 Nb6 20. Ng4 Be7 21. Nd5
exd5 22. cxd5 Qb8 23. dxc6 Bxc6 24. Bb2 Kf8 25. Ne3 g6 26. f5 Bg5 27. fxg6 hxg6
28. Bd4 Nd7 29. Qg4 Bh6 30. Rf1 Kg8 31. Nf5 Bf8 32. Qg5 Ne5 33. h4 Bb5 34. h5
Bxf1 35. Rxf1 Rd7 36. Bxe5 dxe5 37. hxg6 fxg6 38. Qxg6+ Kh8 39. Bh3 Rc6 40. Qg5
Rh7 41. Nh4 Be7 42. Qg4 Qg8 43. Qf5 Qxg3 44. Rg1 Qxh4 45. Qxe5+ Qf6 46. Qb8+
Bf8 0-1

[Event "VI Open Internacional Memorial Pedro Lez"]
[Site "Ateneo Municipal de Vecindario"]
[Date "2013.03.29"]
[Round "7"]
[White "Marrero Cardenes, Agustin"]
[Black "Strebkovs, Andrejs"]
[Result "0-1"]
[WhiteElo "1959"]
[BlackElo "2331"]
[PlyCount "72"]
[EventDate "2013.03.25"]
[EventRounds "9"]
[EventCountry "ESP"]

1. Nf3 d6 2. d4 g6 3. g3 Bg7 4. Bg2 c6 5. O-O Nd7 6. b3 Ngf6 7. Nbd2 O-O 8. Bb2
d5 9. c4 b5 10. Qc2 Bb7 11. Rac1 Rc8 12. e4 dxe4 13. Nxe4 c5 14. Nxf6+ Bxf6 15.
d5 Qb6 16. Bxf6 Qxf6 17. Qc3 bxc4 18. Qxf6 Nxf6 19. bxc4 Rfe8 20. Rfe1 Ba6 21.
Ne5 Kf8 22. Re3 Rc7 23. Ra3 Bc8 24. Ra5 Bf5 25. Rc3 Rb8 26. Rb5 Rxb5 27. cxb5
Ne4 28. Bxe4 Bxe4 29. Rxc5 Rxc5 30. Nd7+ Ke8 31. Nxc5 Bxd5 32. a4 Kd8 33. Kf1
Kc7 34. Ke2 Kb6 35. Nd3 Bc4 36. Ke3 Bxd3 0-1

[Event "VI Open Internacional Memorial Pedro Lez"]
[Site "Ateneo Municipal de Vecindario"]
[Date "2013.03.29"]
[Round "7"]
[White "Guerra Arrocha, Daniel"]
[Black "Illijin, Neboisa"]
[Result "0-1"]
[WhiteElo "1848"]
[BlackElo "2167"]
[PlyCount "66"]
[EventDate "2013.03.25"]
[EventRounds "9"]
[EventCountry "ESP"]

1. e4 c5 2. Nf3 e6 3. d4 cxd4 4. Nxd4 a6 5. Bd3 Nf6 6. O-O d6 7. c4 Be7 8. Nc3
O-O 9. Be3 Qc7 10. f4 Nbd7 11. Kh1 b6 12. Qe2 Bb7 13. Bg1 g6 14. Rae1 e5 15.
fxe5 dxe5 16. Nf3 Nh5 17. g3 Bb4 18. Qd2 Rad8 19. Qh6 f6 20. Nh4 Bxc3 21. c5
Nxc5 22. Bc4+ Rf7 23. bxc3 Nxe4 24. Bxf7+ Qxf7 25. Ng2 Qxa2 26. Rxe4 Bxe4 27.
Rf2 Qe6 28. Qe3 Rd1 29. Re2 f5 30. Rf2 Rd3 31. Qe1 Qd5 32. Rb2 b5 33. g4 Nf4
0-1

[Event "VI Open Internacional Memorial Pedro Lez"]
[Site "Ateneo Municipal de Vecindario"]
[Date "2013.03.29"]
[Round "7"]
[White "Menvielle Laccourreye, Augusto"]
[Black "Rodriguez Mellado, Antonio"]
[Result "1-0"]
[WhiteElo "2150"]
[BlackElo "1797"]
[PlyCount "93"]
[EventDate "2013.03.25"]
[EventRounds "9"]
[EventCountry "ESP"]

1. e4 e5 2. Nf3 d6 3. d4 Nd7 4. Bc4 exd4 5. Nxd4 Ngf6 6. Nc3 g6 7. O-O Bg7 8.
Bg5 O-O 9. Qd2 Ne5 10. Be2 Be6 11. f4 Nc4 12. Bxc4 Bxc4 13. e5 Bxf1 14. exf6
Bxf6 15. Rxf1 Bxg5 16. fxg5 d5 17. Nf3 c6 18. Qd4 a6 19. Ne5 f5 20. gxf6 Rxf6
21. Ng4 Rxf1+ 22. Kxf1 Qg5 23. Nf6+ Kf7 24. Nxh7 Qh5 25. Qf4+ Kg7 26. Ng5 Kg8
27. Qf7+ Kh8 28. Qf6+ Kg8 29. g4 Qh6 30. Qf7+ Kh8 31. h4 Rf8 32. Kg2 Rg8 33.
Ne2 Qg7 34. Nf4 Qxf7 35. Nxf7+ Kg7 36. Ne5 g5 37. hxg5 Re8 38. Nh5+ Kf8 39.
Ng6+ Kf7 40. Ngf4 Re1 41. g6+ Kg8 42. Kg3 Rc1 43. Ne6 Rf1 44. g5 Rg1+ 45. Kf4
Rf1+ 46. Ke5 Re1+ 47. Kd6 1-0

[Event "VI Open Internacional Memorial Pedro Lez"]
[Site "Ateneo Municipal de Vecindario"]
[Date "2013.03.29"]
[Round "7"]
[White "Cruz Ramirez, Nauzet"]
[Black "Cruz Gomez, Isidro"]
[Result "1-0"]
[WhiteElo "1778"]
[BlackElo "2025"]
[PlyCount "107"]
[EventDate "2013.03.25"]
[EventRounds "9"]
[EventCountry "ESP"]

1. Nf3 Nf6 2. b3 g6 3. Bb2 Bg7 4. g3 O-O 5. Bg2 d5 6. O-O c6 7. d3 Bg4 8. Nbd2
Qc8 9. Rb1 Bh3 10. Re1 Bxg2 11. Kxg2 Nbd7 12. e4 dxe4 13. Nxe4 Nxe4 14. dxe4
Bxb2 15. Rxb2 Qc7 16. c4 Nc5 17. Rd2 Ne6 18. Rd7 Qa5 19. Qa1 Rfe8 20. Red1 Nc5
21. Qe5 f6 22. Qc7 Qxc7 23. Rxc7 Rab8 24. e5 f5 25. b4 Na6 26. Rcd7 Nxb4 27.
Rb1 a5 28. a3 Nc2 29. Rbxb7 Rxb7 30. Rxb7 Nxa3 31. c5 Nb5 32. Rb6 a4 33. Ra6 a3
34. e6 Rc8 35. Ne5 Rc7 36. Nc4 Kg7 37. Nxa3 Nxa3 38. Rxa3 Kf6 39. Re3 Rb7 40.
f4 Rb5 41. Re5 Rb3 42. h3 h5 43. Kf2 Rd3 44. h4 Rd5 45. Rxd5 cxd5 46. Ke3 Kxe6
47. Kd4 Kf6 48. Kxd5 e5 49. fxe5+ Ke7 50. c6 g5 51. hxg5 f4 52. gxf4 h4 53. c7
Kd7 54. Ke4 1-0

[Event "VI Open Internacional Memorial Pedro Lez"]
[Site "Ateneo Municipal de Vecindario"]
[Date "2013.03.29"]
[Round "7"]
[White "Hernandez Diaz, Heriberto"]
[Black "Camino Carrio, Nicanor"]
[Result "1/2-1/2"]
[WhiteElo "1740"]
[BlackElo "2014"]
[PlyCount "79"]
[EventDate "2013.03.25"]
[EventRounds "9"]
[EventCountry "ESP"]

1. d4 Nf6 2. c4 g6 3. Nc3 Bg7 4. e4 d6 5. Nf3 O-O 6. Bg5 Na6 7. Qd2 e5 8. dxe5
dxe5 9. Qxd8 Rxd8 10. Nd5 Rd6 11. Nxf6+ Bxf6 12. Bxf6 Rxf6 13. a3 Nc5 14. Nd2
a5 15. Be2 Rd6 16. Rd1 Bd7 17. Nf3 Rxd1+ 18. Bxd1 f6 19. Bc2 Be6 20. Nd2 a4 21.
Ke2 Rd8 22. Rc1 Rd4 23. Bb1 Rxd2+ 24. Kxd2 Nb3+ 25. Kd1 Nxc1 26. Kxc1 Bxc4 27.
Kd2 Kf8 28. Kc3 Bf1 29. g3 Ke7 30. Kb4 b5 31. Kc5 Kd7 32. Bc2 c6 33. Bb1 Bh3
34. Bd3 Be6 35. Bc2 Bf7 36. Bb1 Kc7 37. Bd3 Be6 38. Bb1 Bg4 39. Bd3 h6 40. Bc2
1/2-1/2

[Event "VI Open Internacional Memorial Pedro Lez"]
[Site "Ateneo Municipal de Vecindario"]
[Date "2013.03.29"]
[Round "7"]
[White "Ramirez Maillo, Juan Adonay"]
[Black "Galvan Sarmiento, Jose Luis"]
[Result "0-1"]
[WhiteElo "1654"]
[BlackElo "1928"]
[PlyCount "90"]
[EventDate "2013.03.25"]
[EventRounds "9"]
[EventCountry "ESP"]

1. e4 e6 2. Nf3 d5 3. Nc3 c5 4. exd5 exd5 5. Bb5+ Bd7 6. Bxd7+ Qxd7 7. d4 Nf6
8. O-O Be7 9. dxc5 O-O 10. Be3 Nc6 11. Qd2 Rad8 12. Rad1 Qc8 13. Ne2 Ne4 14.
Qc1 Nxc5 15. Ned4 Ne6 16. c3 Bf6 17. Qb1 Nexd4 18. Nxd4 Ne5 19. Ne2 Qc4 20. Rd2
b6 21. Rfd1 Qg4 22. Kh1 Nc4 23. Rc2 Nxe3 24. fxe3 Qe4 25. Qc1 Rfe8 26. Nf4 g5
27. Nh5 Be5 28. Rf2 Qh4 29. Nf6+ Bxf6 30. Rxf6 Qe4 31. h3 Kg7 32. Rf3 h5 33.
Qd2 f5 34. Qd4+ Kg6 35. Rdf1 Re5 36. a4 Rc8 37. b3 Rc6 38. R1f2 Rce6 39. Rf1
Qc2 40. Qb4 Kg7 41. Qd4 Kg8 42. c4 Qxb3 43. Rxf5 Qxc4 44. Qxe5 Qxf1+ 45. Kh2
Rxe5 0-1

[Event "VI Open Internacional Memorial Pedro Lez"]
[Site "Ateneo Municipal de Vecindario"]
[Date "2013.03.29"]
[Round "7"]
[White "Aguila Hernandez, Eduardo"]
[Black "Cobo Mazorra, Alejandro"]
[Result "1/2-1/2"]
[WhiteElo "1871"]
[BlackElo "1685"]
[PlyCount "85"]
[EventDate "2013.03.25"]
[EventRounds "9"]
[EventCountry "ESP"]

1. a3 g6 2. d4 Bg7 3. Nf3 c5 4. e4 cxd4 5. Nxd4 Nc6 6. Nxc6 bxc6 7. Bc4 Nf6 8.
Nc3 d5 9. exd5 Qb6 10. Be3 Qxb2 11. Bd4 Qb8 12. h3 O-O 13. O-O c5 14. Bxf6 Bxf6
15. Qf3 Bf5 16. g4 Bd7 17. Rab1 Qd8 18. Ne4 Bg7 19. Nxc5 Rc8 20. Nxd7 Qxd7 21.
Bb5 Qd6 22. Bc6 Rb8 23. Qe3 Rxb1 24. Rxb1 a5 25. Rb7 Be5 26. Ra7 Rb8 27. Rxa5
Rb1+ 28. Kg2 Bh2 29. Ra8+ Kg7 30. Qd4+ e5 31. Qe4 Bf4 32. a4 Qa3 33. h4 Qc1 34.
Kh3 Ra1 35. Rb8 Ra2 36. h5 Rxc2 37. h6+ Kxh6 38. g5+ Kg7 39. Qg2 Qe1 40. d6
Rxf2 41. d7 Qe3+ 42. Kh4 Rxg2 43. Rg8+ 1/2-1/2

[Event "VI Open Internacional Memorial Pedro Lez"]
[Site "Ateneo Municipal de Vecindario"]
[Date "2013.03.29"]
[Round "7"]
[White "Julien Casteleiro, Ariel"]
[Black "Fernandez De La Hoz, A Carlos"]
[Result "0-1"]
[WhiteElo "1586"]
[BlackElo "1871"]
[PlyCount "72"]
[EventDate "2013.03.25"]
[EventRounds "9"]
[EventCountry "ESP"]

1. d4 g6 2. e4 Bg7 3. f4 d5 4. e5 c5 5. c3 cxd4 6. cxd4 Nh6 7. a3 O-O 8. Nf3
Nc6 9. h3 Nf5 10. Kf2 Qb6 11. b4 Nfxd4 12. Nxd4 Qxd4+ 13. Qxd4 Nxd4 14. Bb2 Nb3
15. Ra2 a5 16. b5 a4 17. g4 Bd7 18. Bd3 Nc5 19. Be2 Ne4+ 20. Kf3 f6 21. exf6
Bxf6 22. Bxf6 Rxf6 23. Nd2 Raf8 24. f5 gxf5 25. gxf5 Nc3 26. Rg1+ Kh8 27. Rb2
Rxf5+ 28. Ke3 d4+ 29. Kd3 Bxb5+ 30. Nc4 Nxe2 31. Rxe2 e5 32. Rc2 Rf3+ 33. Ke4
d3 34. Rcc1 R3f4+ 35. Kd5 Bxc4+ 36. Kxe5 b5 0-1

[Event "VI Open Internacional Memorial Pedro Lez"]
[Site "Ateneo Municipal de Vecindario"]
[Date "2013.03.29"]
[Round "7"]
[White "Saad Addin Quintana, Samir N"]
[Black "Guerrero Orihuela, Jose Luis"]
[Result "1-0"]
[WhiteElo "1858"]
[BlackElo "1555"]
[PlyCount "87"]
[EventDate "2013.03.25"]
[EventRounds "9"]
[EventCountry "ESP"]

1. e4 c5 2. Nf3 e6 3. d4 cxd4 4. Nxd4 a6 5. c4 Nf6 6. Nc3 d6 7. Be2 b6 8. O-O
Bb7 9. f3 Nbd7 10. Be3 Rc8 11. Qd2 Be7 12. Rac1 O-O 13. Rfd1 Nc5 14. b4 Ncd7
15. Nb3 Qc7 16. a3 Rfd8 17. Na4 Bc6 18. Nb2 Bb7 19. Bf1 Ne5 20. Qf2 Nfd7 21.
Na4 Re8 22. Nxb6 Nxb6 23. Bxb6 Qd7 24. Na5 f6 25. c5 d5 26. Qa2 Bd8 27. Nxb7
Qxb7 28. Bxd8 Rcxd8 29. exd5 exd5 30. Rd2 Ng6 31. Rcd1 Ne7 32. Bc4 Kf8 33. Bxd5
Nxd5 34. Rxd5 Rxd5 35. Qxd5 Qb5 36. Qd6+ Kg8 37. h3 Qe2 38. Qd3 Qe6 39. Qd5
Qxd5 40. Rxd5 Re3 41. c6 Re7 42. Rd7 Re1+ 43. Kf2 Rc1 44. c7 1-0